000 00566nam a2200157 a 4500
001 000039598
005 20201002033635.0
008 130709s2001 dr 000 0 spa d
040 _aDO-SdBNP
_bspa
_cBNPHU
082 _axxx
_bO96m
100 1 _aOviedo, José
_92671
245 1 0 _aMercado, políticas de competencia y de protección al consumidor /
_cJosé Oviedo ; presentación Pedro R. Silverio A.
260 _aSanto Domingo :
_bPontificia Universidad Católica Madre y Maestra,
_c2001.
300 _a61 p. ;
_c21 cm.
700 1 _aSilverio A., Pedro R.,
_epr.
_965765
999 _c39088
_d39088